Подробности
| 000 -МАРКЕР |
| контрольное поле |
02660nam0a22004091 4500 |
| 001 - ИДЕНТИФИКАТОР ЗАПИСИ |
| контрольное поле |
RU\NLR\A1\26280 |
| 005 - ИДЕНТИФИКАТОР ВЕРСИИ |
| контрольное поле |
20260406105912.0 |
| 035 ## - ДРУГИЕ СИСТЕМНЫЕ НОМЕРА |
| Идентификатор записи |
(NLR Aleph) 009680599 |
| 100 ## - ДАННЫЕ ОБЩЕЙ ОБРАБОТКИ |
| Данные общей обработки |
19990906d1794 u y0rusy50 ca |
| 101 1# - ЯЗЫК РЕСУРСА |
| Язык текста, звукозаписи и т.д. |
русский |
| Язык оригинала |
английский |
| 102 ## - СТРАНА ПУБЛИКАЦИИ ИЛИ ПРОИЗВОДСТВА |
| Страна публикации |
российская федерация |
| 200 1# - ЗАГЛАВИЕ И СВЕДЕНИЯ ОБ ОТВЕТСТВЕННОСТИ |
| Основное заглавие |
Карманный лечебник, |
| Сведения, относящиеся к заглавию |
Содержащий в себе краткое и ясное описание признаков, причин и способов к излечению внутренних и наружных болезней, приключающихся телу человеческому, |
| -- |
С показанием действий и приемов сложных и простых лекарств. |
| Первые сведения об ответственности |
Выбран из сочинений славнейших врачей и по алфавиту расположен врачебной науки доктором Иваном Эллиотом, |
| Последующие сведения об ответственности |
А с аглинскаго на российской язык переведен, и с присовокуплением местами своих рецептов и пр. по алфавиту российских слов разпределен Данилом Писчековым, медицины доктором, земледелия и других наук профессором и Вольнаго экономическаго общества членом. |
| 205 ## - СВЕДЕНИЯ ОБ ИЗДАНИИ |
| Сведения об издании |
Вновь высмотрен, исправлен и издан 2-м тиснением |
| Дополнительные сведения об издании |
С новыми практическими же наблюдениями и пр. |
| 210 ## - ПУБЛИКАЦИЯ, РАСПРОСТРАНЕНИЕ И ДР. |
| Место издания, распространения и т.д. |
М. |
| Имя издателя, распространителя и т. д. |
Иждивением Ивана Водопьянова |
| -- |
Тип. А.Решетникова |
| Дата издания, распространения и т.д. |
1794 |
| 215 ## - ФИЗИЧЕСКАЯ ХАРАКТЕРИСТИКА |
| Специфическое обозначение материала и объем |
[6], IV, 6, 316 с. |
| Размеры |
8° |
| 321 1# - ПРИМЕЧАНИЯ ОБ ОТДЕЛЬНО ИЗДАННЫХ УКАЗАТЕЛЯХ / РЕФЕРАТАХ / ССЫЛКАХ, ОТРАЖАЮЩИХ КАТАЛОГИЗИРУЕМЫЙ ДОКУМЕНТ |
| Примечания об указателях, рефератах, ссылках |
СК XVIII 8603 |
| 620 ## - МЕСТО И ДАТА ПУБЛИКАЦИИ, ИСПОЛНЕНИЯ И Т. Д. |
| Город |
Москва |
| 700 #1 - ИМЯ ЛИЦА - ПЕРВИЧНАЯ ОТВЕТСТВЕННОСТЬ |
| Связь между полями |
z01700 |
| -- |
z02790 |
| Начальный элемент ввода |
Эллиот |
| Часть имени, кроме начального элемента ввода |
Д. |
| Даты |
1736-1786 |
| Расширение инициалов личного имени |
Джон |
| Код отношения |
Автор |
| 700 #1 - ИМЯ ЛИЦА - ПЕРВИЧНАЯ ОТВЕТСТВЕННОСТЬ |
| Связь между полями |
z01700 |
| Начальный элемент ввода |
Elliott |
| Часть имени, кроме начального элемента ввода |
J. |
| Расширение инициалов личного имени |
John |
| Графика поля |
Латинская |
| 702 #1 - ИМЯ ЛИЦА - ВТОРИЧНАЯ ОТВЕТСТВЕННОСТЬ |
| Код отношения |
Печатник (типограф) |
| Материалы, к которым относится поле |
rus |
| Графика поля |
Кириллица |
| Начальный элемент ввода |
Решетников |
| Часть имени, кроме начального элемента ввода |
А. Г. |
| Дополнения к именам, кроме дат |
издатель |
| Даты |
18 в.-19 в. |
| Расширение инициалов личного имени |
Андрей Гордеевич |
| Идентификатор авторитетной/нормативной записи |
RU\NLR\AUTH\77104105 |
| Системный номер авторитетной/нормативной записи |
87030 |
| 702 #1 - ИМЯ ЛИЦА - ВТОРИЧНАЯ ОТВЕТСТВЕННОСТЬ |
| Начальный элемент ввода |
Водопьянов |
| Часть имени, кроме начального элемента ввода |
И.Н. |
| Расширение инициалов личного имени |
Иван Никитич |
| Код отношения |
Печатник (типограф) |
| 702 #1 - ИМЯ ЛИЦА - ВТОРИЧНАЯ ОТВЕТСТВЕННОСТЬ |
| Начальный элемент ввода |
Писчеков |
| Часть имени, кроме начального элемента ввода |
Д.Я. |
| Даты |
1758-1825 |
| Расширение инициалов личного имени |
Даниил Яковлевич |
| Код отношения |
Переводчик |
| 712 00 - НАИМЕНОВАНИЕ ОРГАНИЗАЦИИ - ВТОРИЧНАЯ ОТВЕТСТВЕННОСТЬ |
| Начальный элемент ввода |
Решетников |
| Инверсированный элемент |
А.Г. |
| Часть наименования, отличная от начального элемента ввода и от инверсированного элемента |
Типография |
| Идентифицирующий признак |
Москва |
| Код отношения |
Печатник (типограф) |
| 790 #1 - ИМЯ ЛИЦА - АЛЬТЕРНАТИВНАЯ ФОРМА |
| Связь между полями |
z02700 |
| Начальный элемент ввода |
Эллиот |
| Часть имени, кроме начального элемента ввода |
И. |
| Расширение инициалов личного имени |
Иван |
| 801 #0 - ИСТОЧНИК ЗАПИСИ |
| Страна |
российская федерация |
| Организация |
NLR |
| Дата составления |
19990906 |
| 852 ## - МЕСТОНАХОЖДЕНИЕ И ШИФР ХРАНЕНИЯ |
| Идентификатор организации |
NLR |
| Шифр хранения (Call Number) |
18.37.6.57 |
| 899 ## - ДАННЫЕ О МЕСТОНАХОЖДЕНИИ (устаревшее) |
| Местонахождение |
РГБ |
| 899 ## - ДАННЫЕ О МЕСТОНАХОЖДЕНИИ (устаревшее) |
| Местонахождение |
КирОУНБ |
| 899 ## - ДАННЫЕ О МЕСТОНАХОЖДЕНИИ (устаревшее) |
| Местонахождение |
БАН |
| 899 ## - ДАННЫЕ О МЕСТОНАХОЖДЕНИИ (устаревшее) |
| Местонахождение |
МГУ |
| 899 ## - ДАННЫЕ О МЕСТОНАХОЖДЕНИИ (устаревшее) |
| Местонахождение |
ГПИБ |
| 899 ## - ДАННЫЕ О МЕСТОНАХОЖДЕНИИ (устаревшее) |
| Местонахождение |
ВладОУНБ |
| 942 ## - ДОПОЛНИТЕЛЬНЫЕ ЭЛЕМЕНТЫ ЗАПИСИ (АБИС) |
| Тип экземпляра АБИС |
Книга |
| 980 ## - КОЛЛЕКЦИЯ |
| Название коллекции |
Национальная библиография |
| 980 ## - КОЛЛЕКЦИЯ |
| Название коллекции |
Русская книга гражданской печати XVIII в. в библиотеках РФ |